| 000 | 00648nam a2200205Ii 4500 | ||
|---|---|---|---|
| 003 | JO-AjNU | ||
| 008 | 230605s9999||||xx |||||||||||||| ||und|| | ||
| 020 | _a977-277-324-4 | ||
| 040 |
_aJO-AjNU _bara _erda _cJO-AjNU |
||
| 041 | _aara | ||
| 050 | 1 | 4 | _aQC981 2003 |
| 100 | 3 |
_aالاسكنداراني ، ايمن, _eauthor _915208 |
|
| 245 | 0 | 0 | _aدليل الباحث الصغير وتقلبات الجو |
| 264 | 3 | 1 | _aالقاهرة:دار الطلائع ، 2003 |
| 300 | _a126ص | ||
| 336 |
_atext _btxt _2rdacontent |
||
| 337 |
_aunmediated _bn _2rdamedia |
||
| 338 |
_avolume _bnc _2rdacarrier |
||
| 650 | 4 |
_aحالة الطقس-بحث _915209 |
|
| 999 |
_aA4240 _c7808 _d7808 |
||